| 000 | 00546 a2200157 4500 | ||
|---|---|---|---|
| 999 |
_c889 _d889 |
||
| 020 | _a0195205189 | ||
| 050 | _aHC59.7 WOR 1986 | ||
| 100 | _aWorld Bank | ||
| 110 | _aWorld Bank | ||
| 245 |
_aWorld Development Report 1986 _bThe hesitant recovery and prospects for sustained growth trade and pricing policies in World Agriculture, World development indicators _cWorld Bank |
||
| 264 |
_aNew York _bOxford University Press _c1986 |
||
| 300 | _a256p. | ||
| 500 | _aDevelopment | ||
| 650 | _aWorld Development | ||
| 942 |
_2olc _cBK _h59.7 _iWOR _kHC |
||